书目信息 |
| 题名: |
统计分析与SPSS的应用
|
|
| 作者: | 薛薇 编著 | |
| 分册: | ||
| 出版信息: | 北京 中国人民大学出版社 2011 |
|
| 页数: | 342页 | |
| 开本: | 26cm | |
| 丛书名: | ||
| 单 册: | ||
| 中图分类: | C819 | |
| 科图分类: | ||
| 主题词: | 统计分析--统计程序--高等学校--教材 , 统计分析 , 统计程序 | |
| 电子资源: | ||
| ISBN: | 978-7-300-13110-8 | |
| 000 | 01019nlm0 2200301 450 | |
| 001 | 523 | |
| 005 | 20140905091239.89 | |
| 010 | @a978-7-300-13110-8@dCNY38.00 | |
| 100 | @a20110401d2011 em y0chiy50 ea | |
| 101 | 0 | @achi |
| 102 | @aCN@b110000 | |
| 105 | @ay z 000yy | |
| 106 | @ar | |
| 200 | 1 | @a统计分析与SPSS的应用@ATong Ji Fen Xi Yu SPSS De Ying Yong@dStatistical analysis and SPSS application@f薛薇编著@FXue Wei Bian Zhu@zeng |
| 205 | @a3版 | |
| 210 | @a北京@c中国人民大学出版社@d2011 | |
| 215 | @a342页@d26cm | |
| 325 | @a电子复制品 | |
| 330 | @a本书内容包括:SPSS统计分析软件概述、SPSS数据文件的建立和管理、SPSS数据的预处理、SPSS基本统计分析、SPSS的参数检验、SPSS的方差分析等。 | |
| 510 | 1 | @aStatistical analysis and SPSS application@zeng |
| 606 | 0 | @a统计分析@x统计程序@x高等学校@j教材 |
| 606 | 0 | @a统计分析 |
| 606 | 0 | @a统计程序 |
| 610 | 0 | @aSPSS |
| 690 | @aC819@v5 | |
| 701 | 0 | @a薛薇@AXue Wei@c(统计)@4编著 |
| 801 | 0 | @aCN@bTANGWEI@c20140603 |
| 905 | @b0841658-60@dC819@e108=3@f3 | |
| 统计分析与SPSS的应用=Statistical analysis and SPSS application/薛薇编著.-3版.-北京:中国人民大学出版社,2011 |
| 342页;26cm |
| ISBN 978-7-300-13110-8:CNY38.00 |
| 本书内容包括:SPSS统计分析软件概述、SPSS数据文件的建立和管理、SPSS数据的预处理、SPSS基本统计分析、SPSS的参数检验、SPSS的方差分析等。 |
| ● |
| 相关链接 |
|
|
|
|
正题名:统计分析与SPSS的应用
索取号:C819/108=3
 
预约/预借
| 序号 | 登录号 | 条形码 | 馆藏地/架位号 | 状态 | 备注 |
| 1 | 0841658 | 208416588 | 第一样本阅览室/ [索取号:C819/108=3] | 在馆 | |
| 2 | 0841659 | 208416597 | 第一借阅区/ [索取号:C819/108=3] | 在馆 | |
| 3 | 0841660 | 208416604 | 第一借阅区/ [索取号:C819/108=3] | 在馆 |